000
00329 a2200109 4500
001
ART_28285
005
20260410161928.0
008
260409a
245
1
0
_a
La marcación de la víctima en el genocidio
100
1
_a
Mouratian, Pedro
773
0
_t
Derechos humanos
_g
- Año III, Nº 6/A (ene. 2015)
_w
REV22278
999
_c
28324
_d
28324